书目信息 |
| 题名: |
全世界100部最佳长篇小说提要
|
|
| 作者: | 汤真 主编 | |
| 分册: | 下 | |
| 出版信息: | 南昌 百花洲文艺出版社 2010.03 |
|
| 页数: | 251页 | |
| 开本: | 23cm | |
| 丛书名: | ||
| 单 册: | ||
| 中图分类: | Z88:I | |
| 科图分类: | ||
| 主题词: | 长篇小说--chang pian xiao shuo--内容提要--世界 | |
| 电子资源: | ||
| ISBN: | 978-7-80647-147-0 | |
| 000 | 00951nam0 2200253 450 | |
| 001 | 012010443769 | |
| 005 | 20100624150455.60 | |
| 010 | @a978-7-80647-147-0@dCNY31.90 | |
| 100 | @a20100624d2010 em y0chiy0120 ea | |
| 101 | 0 | @achi |
| 102 | @aCN@b360000 | |
| 105 | @ay z 000yy | |
| 106 | @ar | |
| 200 | 1 | @a全世界100部最佳长篇小说提要@Aquan shi jie 100 bu zui jia chang pian xiao shuo ti yao@d= One hundred world's best novels condensed@h下@f汤真主编@Ftang zhen zhu bian@zeng |
| 205 | @a第2版 | |
| 210 | @a南昌@c百花洲文艺出版社@d2010.03 | |
| 215 | @a251页@d23cm | |
| 330 | @a本书以“提要”的表式介绍一百部长篇小说,在每篇“提要”之前,都附有一篇对原作者的生动引入、各具情趣的简短介绍。 | |
| 510 | 1 | @aOne hundred world's best novels condensed@zeng |
| 606 | 0 | @a长篇小说@Achang pian xiao shuo@x内容提要@y世界 |
| 690 | @aZ88:I@v4 | |
| 701 | 0 | @a汤真@Atang zhen@4主编 |
| 801 | 0 | @aCN@bQSSK@c20100624 |
| 905 | @b782447-49@dZ88:I@eT225:2@f3 | |
| 全世界100部最佳长篇小说提要= One hundred world's best novels condensed.下/汤真主编.-第2版.-南昌:百花洲文艺出版社,2010.03 |
| 251页;23cm |
| ISBN 978-7-80647-147-0:CNY31.90 |
| 本书以“提要”的表式介绍一百部长篇小说,在每篇“提要”之前,都附有一篇对原作者的生动引入、各具情趣的简短介绍。 |
| ● |
| 相关链接 |
|
|
|
正题名:全世界100部最佳长篇小说提要
索取号:Z88:I/T225:2
 
预约/预借
| 序号 | 登录号 | 条形码 | 馆藏地/架位号 | 状态 | 备注 |
| 1 | 782447 | 207824470 | 自科二线504/501自科库 132排2列2层/ [索取号:Z88:I/T225:2] | 在馆 | |
| 2 | 782448 | 207824489 | 自科库501/501自科库 132排2列2层/ [索取号:Z88:I/T225:2] | 在馆 | |
| 3 | 782449 | 207824498 | 自科库501/501自科库 132排2列2层/ [索取号:Z88:I/T225:2] | 在馆 |